[Event "Championnat de France"]
[Site "Besançon"]
[Date "2006.08.16"]
[Round "3"]
[White "Nataf, Igor"]
[Black "Vachier-Lagrave, Maxime"]
[Result "1/2-1/2"]
[WhiteElo "2592"]
[BlackElo "2577"]
[PlyCount "62"]
[EventDate "2006.??.??"]

1. e4 c5 2. Nf3 d6 3. d4 Nf6 4. dxc5 Qa5+ 5. Nc3 Nxe4 6. cxd6 Nxc3 7. bxc3
Qxc3+ 8. Bd2 Qc5 9. Rb1 Qxd6 10. Bd3 e6 11. O-O Be7 12. Ng5 h6 13. Nxf7 Kxf7
14. Qh5+ Kf8 15. Qf3+ Kg8 16. Bg6 Bf6 17. Rxb7 Nc6 18. Bf7+ Kf8 19. Qxc6 Qxc6
20. Bb4+ Be7 21. Rxe7 a5 22. Ba3 Qa4 23. Bg6 Kg8 24. Rd1 Ba6 25. Rdd7 Rh7 26.
Bxh7+ Kh8 27. Bb2 Qxa2 28. Bxg7+ Kxh7 29. Bc3+ Kg8 30. Rg7+ Kf8 31. Rgf7+ Kg8
1/2-1/2

que} (5. Bd2 Qxc5 6. Nc3 $11) 5... Nxe4 6. cxd6
Nxc3 (6... Nc6 $5) 7. bxc3 Qxc3+ $6 $146 (7... Nc6 8. Bd3 $13) (7... exd6 8.
Bd3 Be7 {est le plus solide avec une partie jouable}) 8. Bd2 Qc5 {en fait la
ritable nouveaute car une partie d'amateur Figlio-Sidenko s'etait poursuivi
par 8...Df6 avec un gain noir mais les blancs se sont jete goulument sur le
pion e7 alors qu'il faut joue la position comme un veritable gambit} 9. Rb1 $1
(9. dxe7 Bxe7 10. Bd3 O-O $11) 9... Qxd6 10. Bd3 e6 11. O-O Be7 12. Ng5 $5 $14
h6 $2 (12... Nc6 13. Qh5 g6 14. Qh6 (14. Qf3 O-O $2 (14... f5 $13) 15. Nxh7 $1
Kxh7 16. Qh5+ Kg7 17. Qh6+ Kg8 18. Bxg6 fxg6 19. Qxg6+ Kh8 20. Rb3 $18) 14...
Bf8 15. Qh4 $40 Be7 $5 $13) 13. Nxf7 $1 {
(diag a mettre) pour le cote sportif alors que l'on pouvait continuer par} (13.
Qh5 Bxg5 14. Bxg5 $14 {et surement meme plus que des compensations...}) (13.
Ne4 $5 Qd5 14. Qg4 $16) 13... Kxf7 14. Qh5+ Kf8 15. Qf3+ $1 Kg8 16. Bg6 $1 Bf6
$8 17. Rxb7 Nc6 $6 {un coup naturel mais surement refute} (17... Na6 18. Rf7 $1
Rb8 19. Rd1 $1 {avec une grosse initiative}) 18. Bf7+ Kf8 19. Qxc6 $3 {
(diag a mettre ) un coup extraordinaire qui depasse un peu notre amicybernetiqu
e} 19... Qxc6 20. Bb4+ Be7 21. Rxe7 $1 {(diag a mettre)} 21... a5 (21... Qe4
22. Ba3 Qa4 23. Bg6 Kg8 24. Rd1 Ba6 25. Rdd7 Rh7 (25... Qxd7 26. Rxd7 $16) 26.
Bxh7+ Kh8 $8 27. Bb2 Qxa2 $8 28. Bxg7+ Kxh7 29. h3 {est similaire a la partie})
22. Ba3 Qa4 $8 23. Bg6 $1 Kg8 24. Rd1 $1 Ba6 $2 (24... Bb7 25. Rdd7 Rh7 26.
Bxh7+ Kh8 27. Bb2 Qxa2 28. Bxg7+ Kxh7 29. Rxb7 $1 $16 {les blancs vont donner
une case pour le roi  avec h4 ou h3 et continuer le pressing sur le roi noir} (
29. h3 $2 Bxg2 $1 $17 30. Bd4+ Kg6 31. Rg7+ Kh5 $19)) 25. Rdd7 Rh7 26. Bxh7+ $1
(26. Bb2 Qxa2 $8 27. Rxg7+ Rxg7 28. Rxg7+ Kf8 29. Rf7+ Kg8 30. Rg7+ Kf8 $11)
26... Kh8 $8 27. Bb2 Qxa2 28. Bxg7+ Kxh7 29. Bc3+ $4 {perdant alors que} (29.
h3 $3 {(diag a mettre)} 29... Kg6 30. Rf7 $3 Rg8 $8 31. Rf6+ Kh5 $8 32. Kh2 $3
{(diag a mettre ) est une suite presque introuvable pour un humain mis a part
peut etre pour un Topalov en grande forme}) (29. Bd4+ Kg8 $4 (29... Kg6 30. h3
Rf8 {est moins evident pour les noirs car le fou protege f2 et n'est pas
attaque comme c3 par un eventuel Dame prend c2} 31. Kh2 $1 Kf5 32. Bg7 $15) 30.
Rg7+ Kf8 31. Bc5+ Ke8 32. Rde7+ Kf8 33. Rb7+ Ke8 34. Rg8#) 29... Kg8 $4 {
Maxime fait confiance et se sontente de la nulle mais apres} (29... Kg6 $1 30.
h3 Rf8 {les noirs valoriseront la materiel car il n'y a pas de mat}) 30. Rg7+
Kf8 31. Rgf7+ {Une partie enorme dont les complications ont debutees avec
l'inspire Cavalier prend f7...Igor fait le spectacle et Maxime montre un grand
sang froid mais aussi ses veritables ambitions en prenant de grandes prises de
risque} 31... Kg8 1/2-1/2

[Event "Championnat de France"]
[Site "Besançon"]
[Date "2006.08.16"]
[Round "3"]
[White "Esposito, Marie-Christine"]
[Black "Roumegous, Marina"]
[Result "0-1"]
[WhiteElo "2130"]
[BlackElo "2203"]
[PlyCount "46"]
[EventDate "2006.??.??"]

1. d4 e6 2. Nf3 c5 3. c3 Nf6 4. Bg5 h6 5. Bxf6 Qxf6 6. Nbd2 cxd4 7. cxd4 d5 8.
e3 Bd6 9. Bd3 Nc6 10. a3 O-O 11. b4 a6 12. Nb3 Rd8 13. Nc5 e5 14. dxe5 Nxe5 15.
Nxe5 Bxe5 16. Ra2 Bc3+ 17. Ke2 Re8 18. Qa4 Bg4+ 19. f3 Qd4 20. fxg4 Rxe3+ 21.
Kd1 b6 22. b5 Rxd3+ 23. Kc2 Rd2+ 0-1

[Event "Championnat de France"]
[Site "Besançon"]
[Date "2006.08.16"]
[Round "3"]
[White "Muller, Anne"]
[Black "Choisy, Mathilde"]
[Result "1-0"]
[WhiteElo "2181"]
[BlackElo "2145"]
[PlyCount "97"]
[EventDate "2006.??.??"]

1. e4 c5 2. Nf3 d6 3. d4 cxd4 4. Nxd4 Nf6 5. Nc3 a6 6. Be2 e6 7. O-O Nc6 8. Be3
Be7 9. a4 O-O 10. f4 Qc7 11. Kh1 Re8 12. Bd3 Bd7 13. Nf3 b6 14. Qe1 Nb4 15. Qg3
Bc6 16. e5 Nfd5 17. Bd4 g6 18. Ne4 Bb7 19. Nfg5 Nc6 20. exd6 Bxd6 21. Nxd6 Qxd6
22. Qh4 h5 23. Ne4 Qe7 24. Nf6+ Nxf6 25. Bxf6 Qf8 26. Qg5 Ne7 27. Bd4 Rad8 28.
Bxb6 Rxd3 29. cxd3 Nf5 30. Bf2 Kh7 31. Bh4 Ne3 32. Rf2 Rc8 33. Kg1 Ng4 34. Re2
Qd6 35. Rd1 Qd4+ 36. Bf2 Qxa4 37. Rde1 Qc6 38. Bd4 Qc7 39. h3 Nh6 40. Qe5 Nf5
41. Bc3 Qb6+ 42. Kh2 Rg8 43. Qf6 Qc7 44. Be5 Qe7 45. Rc1 Qxf6 46. Bxf6 Bd5 47.
Rc7 Rf8 48. Rec2 Ne3 49. Rc8 1-0

[Event "Championnat de France"]
[Site "Besançon"]
[Date "2006.08.16"]
[Round "3"]
[White "Flear, Christine"]
[Black "Leconte, Maria"]
[Result "0-1"]
[WhiteElo "2198"]
[BlackElo "2304"]
[PlyCount "38"]
[EventDate "2006.??.??"]

1. d4 Nf6 2. c4 e6 3. Nc3 Bb4 4. e3 O-O 5. Nge2 Re8 6. a3 Bf8 7. e4 d5 8. e5
Nfd7 9. cxd5 exd5 10. g3 c5 11. Bg2 cxd4 12. Nxd5 Nxe5 13. Qxd4 Nbc6 14. Qc3
Bg4 15. Ne3 Bxe2 16. Kxe2 Nd4+ 17. Kf1 Rc8 18. Qe1 Nb3 19. Rb1 Qd3+ 0-1

Nxd5 $5 c5 $1 {et je prefere les noirs}) (10. Be3 $1
{n'est pas clair} 10... c5 11. f4 $14 {est surement le meilleur pour les blancs
}) 10... c5 $1 11. Bg2 $2 (11. f4 Nc6 12. Bg2 cxd4 13. Nxd4 Nxd4 14. Qxd4 Nc5
$1 15. Qxd5 Nd3+ 16. Kf1 Bf5 $44) 11... cxd4 12. Nxd5 Nxe5 $17 13. Qxd4 {
mettre un diagramme} 13... Nbc6 (13... Bh3 $3 14. O-O Bxg2 15. Kxg2 Nec6 16.
Qc4 Rxe2 17. Qxe2 Qxd5+ $19) 14. Qc3 $2 (14. Qd1 Bg4 15. Be3 $17 Nf3+ 16. Kf1
Nfd4 $1 17. Ndc3 Rxe3 $1 18. fxe3 Qf6+ 19. Kg1 Nxe2+ 20. Nxe2 Qxb2 {
est deprimant a jouer pour les blancs}) 14... Bg4 $5 (14... Bh3 $1 {
(mettre un diag apres)} 15. Ne3 Bxg2 16. Nxg2 Nd4 $1 17. Nxd4 Rc8 $1 $19) 15.
Ne3 (15. h3 Bxe2 16. Kxe2 Nf3+ $1 $19) 15... Bxe2 16. Kxe2 Nd4+ 17. Kf1 Rc8 18.
Qe1 Nb3 {(mettre un diagramme apres)} 19. Rb1 Qd3+ {Voila ce qui arrive quand
le centre n'est pas stabilise et que le roi est au centre...une partie certes
facile mais propre de la part de Maria qui se retrouve du coup leader du
nationale feminin} 0-1

[Event "Championnat de France"]
[Site "Besançon"]
[Date "2006.08.16"]
[Round "3"]
[White "Skripchenko, Almira"]
[Black "Guichard, Pauline"]
[Result "1/2-1/2"]
[WhiteElo "2421"]
[BlackElo "2227"]
[PlyCount "107"]
[EventDate "2006.??.??"]

1. e4 c5 2. Nf3 Nc6 3. Bb5 g6 4. Bxc6 dxc6 5. d3 Bg7 6. h3 e5 7. Nc3 Qd6 8. Be3
Be6 9. Qd2 b6 10. Ng5 Ne7 11. f4 O-O-O 12. O-O f5 13. Rae1 Bg8 14. Nf3 exf4 15.
Bxf4 Qd7 16. Bg5 Re8 17. Bh6 Bxh6 18. Qxh6 Be6 19. Ng5 Qd4+ 20. Kh1 Ng8 21. Qh4
Nf6 22. Nf3 Qd8 23. Ne5 Kb7 24. exf5 gxf5 25. a3 Rhg8 26. Re2 Ne4 27. Rxe4 fxe4
28. Qxh7+ Re7 29. Nf7 Qf8 30. Nd6+ Kc7 31. Rxf8 Rxh7 32. Rxg8 Bxg8 33. Ndxe4
Bd5 34. Kh2 Bxe4 35. Nxe4 c4 36. g4 cxd3 37. cxd3 Kd8 38. g5 Rd7 39. Kg3 Rxd3+
40. Kg4 Ke7 41. h4 Kf7 42. h5 Kg7 43. Ng3 Rd4+ 44. Kf5 Rd2 45. Ke6 Rxb2 46.
Nf5+ Kg8 47. g6 Re2+ 48. Kf6 Rf2 49. h6 c5 50. Ke6 Re2+ 51. Kf6 Rf2 52. Ke6
Re2+ 53. Kf6 Rf2 54. Ke6 1/2-1/2

[Event "Championnat de France"]
[Site "Besançon"]
[Date "2006.08.16"]
[Round "3"]
[White "Lautier, Joël"]
[Black "Sokolov, Andreï"]
[Result "1/2-1/2"]
[WhiteElo "2675"]
[BlackElo "2589"]
[PlyCount "57"]
[EventDate "2006.??.??"]

1. d4 Nf6 2. c4 e6 3. Nc3 Bb4 4. Qc2 c5 5. dxc5 O-O 6. a3 Bxc5 7. Nf3 b6 8. Bf4
Bb7 9. Rd1 Nc6 10. b4 Be7 11. e4 Rc8 12. Be2 a5 13. b5 Na7 14. O-O Bxa3 15. Ng5
h6 16. e5 hxg5 17. Bxg5 Be7 18. exf6 Bxf6 19. Bxf6 Qxf6 20. Rxd7 Nxb5 21. Nxb5
Bc6 22. Rc7 Rxc7 23. Nxc7 Rc8 24. Na6 Qg5 25. g3 Bb7 26. c5 Qd5 27. f3 bxc5 28.
Rd1 Qe5 29. Rb1 1/2-1/2

... Bxa3 15. Ng5 $5 h6 16. e5 $1 hxg5 17.
Bxg5 Be7 18. exf6 Bxf6 19. Bxf6 Qxf6 20. Rxd7 {ici avec un enorme avantage a
la pendule et l'intiative , nous etions peu dans la cabine des commentateurs a
donner des chances de survie pour Andrei} 20... Nxb5 $3 {
Le coup qu'il fallait voir et qui permet a Andrei de respirer un peu...} 21.
Nxb5 Bc6 22. Rc7 (22. Qd2 Qg6 23. g3 Bxd7 24. Qxd7 $14) 22... Rxc7 23. Nxc7 Rc8
24. Na6 (24. c5 {propose par Damir ne marche pas car apres} 24... Qg5 25. g3
Rxc7 26. cxb6 Qd5 {Les noirs sont gagnant}) 24... Qg5 25. g3 Bb7 26. c5 Qd5 $1
27. f3 bxc5 $3 {beaucoup plus dynamique que} (27... Qd4+ 28. Kg2 Bxa6 29. Bxa6
Rxc5 $14) 28. Rd1 Qe5 29. Rb1 $15 {Ici Joel propose la nulle alors qu'il est
toujours nettement en avance au temps mais il comprend que le vent a tourne et
que la position est plus facile a jouer pour les noirs!Un peu comme contre
Igor a la premiere ronde , Joel offre la nulle au bon moment mais il faudra
plus pour esperer un autre titre de champion de France...apres 29...Fd5! les
noirs ont une position agreable} 1/2-1/2

[Event "Championnat de France"]
[Site "Besançon"]
[Date "2006.08.16"]
[Round "3"]
[White "Prié, Eric"]
[Black "Mirallès, Gilles"]
[Result "1-0"]
[WhiteElo "2507"]
[BlackElo "2504"]
[PlyCount "67"]
[EventDate "2006.??.??"]

1. d4 f5 2. Bg5 g6 3. Nc3 d5 4. e3 Bg7 5. h4 h6 6. Bf4 c6 7. Qf3 Nd7 8. Qg3 Kf7
9. Nf3 Ngf6 10. O-O-O Qe8 11. Bd3 Ne4 12. Bxe4 dxe4 13. Ne5+ Nxe5 14. Bxe5 Bxe5
15. dxe5 Be6 16. f3 exf3 17. gxf3 Rd8 18. Ne2 Rxd1+ 19. Rxd1 Qc8 20. Nf4 Rg8
21. a3 c5 22. e4 c4 23. c3 g5 24. hxg5 hxg5 25. Nh3 g4 26. Nf4 fxe4 27. fxe4
Qf8 28. Rh1 Qg7 29. Rh5 Bc8 30. Kb1 b6 31. Ka2 Rh8 32. e6+ Bxe6 33. Qh4 Rxh5
34. Qxh5+ 1-0

14. Bxe5
Bxe5 15. dxe5 Be6 16. f3 exf3 17. gxf3 Rd8 18. Ne2 Rxd1+ 19. Rxd1 Qc8 20. Nf4
Rg8 21. a3 c5 22. e4 c4 23. c3 g5 24. hxg5 hxg5 25. Nh3 g4 26. Nf4 fxe4 27.
fxe4 Qf8 28. Rh1 Qg7 29. Rh5 Bc8 $2 {diag a mettre
} 30. Kb1 (30. e6+ Bxe6 31.
Nxe6 Kxe6 32. Qc7 $18) 30... b6 31. Ka2 (31. e6+ $1 Bxe6 32. Nxe6 Kxe6 33. Qc7
$18) 31... Rh8 $2 (31... e6 $16 {horrible a jouer mais necessaire 
}) 32. e6+
Bxe6 33. Qh4 Rxh5 34. Qxh5+ {Les noirs perdent le fou ou se font mater.
} 1-0

[Event "Championnat de France"]
[Site "Besançon"]
[Date "2006.08.16"]
[Round "3"]
[White "Renet, Olivier"]
[Black "Kosten, Anthony"]
[Result "1/2-1/2"]
[WhiteElo "2507"]
[BlackElo "2530"]
[PlyCount "26"]
[EventDate "2006.??.??"]

1. e4 e5 2. Nf3 Nc6 3. Bb5 Nf6 4. d3 Bc5 5. c3 O-O 6. O-O d6 7. Nbd2 a6 8. Ba4
Ba7 9. h3 Ne7 10. Re1 Ng6 11. Nf1 Nh5 12. d4 Nhf4 13. Ng3 Qf6 1/2-1/2

[Event "Championnat de France"]
[Site "Besançon"]
[Date "2006.08.16"]
[Round "3"]
[White "Guidarelli, Laurent"]
[Black "Relange, Eloi"]
[Result "1-0"]
[WhiteElo "2437"]
[BlackElo "2494"]
[PlyCount "131"]
[EventDate "2006.??.??"]

1. d4 Nf6 2. c4 g6 3. Nc3 Bg7 4. e4 d6 5. Nf3 O-O 6. Be2 e5 7. O-O c6 8. Be3
Qe7 9. d5 Ng4 10. Bg5 f6 11. Bh4 c5 12. Ne1 h5 13. h3 Nh6 14. Nc2 Na6 15. a3
Nf7 16. b4 Bh6 17. Bd3 Ng5 18. Qe2 f5 19. Bxg5 Qxg5 20. exf5 gxf5 21. f4 exf4
22. Nb5 Bg7 23. Rab1 Qh6 24. Qd2 Bd7 25. Qxf4 Qxf4 26. Rxf4 Be5 27. Rff1 Kg7
28. Ne1 Bg3 29. Nc2 Kh6 30. Ne3 f4 31. Rf3 h4 32. Nf1 cxb4 33. Nxd6 bxa3 34.
Ra1 Nc5 35. Bc2 Rf6 36. Ne4 Nxe4 37. Bxe4 Re8 38. Bc2 Be1 39. Rfxa3 Re2 40. Bd3
Bf2+ 41. Kh1 Rb2 42. R3a2 Rxa2 43. Rxa2 Bc5 44. Nd2 Rb6 45. Ra1 Be3 46. Nf3 Rb3
47. Rd1 Rc3 48. Bf1 a5 49. Ne5 Bf5 50. Ng4+ Kg6 51. d6 a4 52. Bd3 Bb6 53. d7 a3
54. Bb1 Bxb1 55. Rd6+ Kf7 56. Rxb6 Rc1+ 57. Kh2 Ke7 58. Rd6 Kxd6 59. d8=Q+ Kc5
60. Qa5+ Kxc4 61. Qc7+ Kb3 62. Qxc1 a2 63. Qd1+ Kc3 64. Qe1+ Kc2 65. Qe4+ Kb3
66. Qxb7+ 1-0

Kc2 65.
Qe4+ Kb3 66. Qxb7+ 1-0

[Event "Championnat de France"]
[Site "Besançon"]
[Date "2006.08.16"]
[Round "3"]
[White "Marzolo, Cyril"]
[Black "Maze, Sebastien"]
[Result "1/2-1/2"]
[WhiteElo "2440"]
[BlackElo "2526"]
[PlyCount "52"]
[EventDate "2006.??.??"]

1. d4 e6 2. c4 Nf6 3. Nf3 d5 4. g3 dxc4 5. Bg2 Nc6 6. O-O a6 7. e3 Rb8 8. Nfd2
e5 9. Bxc6+ bxc6 10. dxe5 Ng4 11. Nxc4 Be6 12. Qxd8+ Rxd8 13. Nbd2 Bb4 14. b3
Bc3 15. Rb1 Bxd2 16. Nxd2 Nxe5 17. Bb2 Rxd2 18. Bxe5 f6 19. Rb2 Rxb2 20. Bxb2
c5 21. Rc1 c4 22. bxc4 Kd7 23. Kg2 h5 24. h4 Rb8 25. Ba3 Kc6 26. Kf3 Bg4+
1/2-1/2

[Event "Championnat de France"]
[Site "Besançon"]
[Date "2006.08.16"]
[Round "3"]
[White "Le Roux, Jean-Pierre"]
[Black "Marcelin, Cyril"]
[Result "0-1"]
[WhiteElo "2496"]
[BlackElo "2481"]
[PlyCount "134"]
[EventDate "2006.??.??"]

1. e4 d5 2. exd5 Qxd5 3. Nc3 Qd6 4. d4 Nf6 5. Bg5 a6 6. Qd2 Bf5 7. O-O-O e6 8.
Nf3 Nbd7 9. Bd3 Bxd3 10. Qxd3 Be7 11. Rhe1 c6 12. g3 b5 13. Bf4 Qb4 14. Ng5 O-O
15. Kb1 Nb6 16. h4 Qc4 17. Qf3 Nbd5 18. Rd3 Rac8 19. Bd2 Nxc3+ 20. Bxc3 b4 21.
Bd2 Rfd8 22. b3 Qb5 23. Ne4 Nxe4 24. Rxe4 Rd5 25. Bc1 Rcd8 26. Rg4 f5 27. Rf4
Bd6 28. Qe2 Bxf4 29. Qxe6+ Kh8 30. Bxf4 c5 31. h5 Qe8 32. Qxa6 Rxd4 33. Rxd4
cxd4 34. h6 Qe1+ 35. Bc1 Qe5 36. hxg7+ Qxg7 37. Qe6 Qd7 38. Qf6+ Kg8 39. Qg5+
Kf7 40. Qh5+ Ke6 41. Qh6+ Kd5 42. Qa6 Rc8 43. Bb2 Qe8 44. Qa5+ Ke4 45. Qxb4 Kf3
46. Bxd4 Qe4 47. Qd2 Rd8 48. Qe3+ Qxe3 49. Bxe3 h5 50. a4 f4 51. Bxf4 h4 52.
gxh4 Kxf4 53. b4 Ke5 54. Kb2 Rd4 55. Kb3 Rxh4 56. a5 Kd5 57. Ka4 Kc6 58. f3 Rf4
59. c3 Rh4 60. Kb3 Kb5 61. Kc2 Rf4 62. Kd3 Rxf3+ 63. Kd4 Rf4+ 64. Ke3 Rg4 65.
Kd3 Rh4 66. Kc2 Kc4 67. Kb2 Rh3 0-1

. Kd3 Rh4 66. Kc2 Kc4 67. Kb2 Rh3 0-1

[Event "Championnat de France"]
[Site "Besançon"]
[Date "2006.08.16"]
[Round "3"]
[White "Gozzoli, Yannick"]
[Black "Apicella, Manuel"]
[Result "1-0"]
[WhiteElo "2470"]
[BlackElo "2520"]
[PlyCount "65"]
[EventDate "2006.??.??"]

1. d4 Nf6 2. c4 g6 3. Nc3 Bg7 4. e4 d6 5. Nf3 O-O 6. Be2 e5 7. O-O Na6 8. Be3
Ng4 9. Bg5 Qe8 10. c5 exd4 11. Nd5 dxc5 12. Bxa6 bxa6 13. Rc1 h6 14. Be7 c6 15.
Bxf8 Qxf8 16. Nf4 a5 17. Re1 Ba6 18. e5 Re8 19. Nxd4 cxd4 20. Qxg4 d3 21. Rcd1
Rxe5 22. Rxe5 Bxe5 23. Nxg6 f5 24. Qf3 Qf6 25. Nxe5 Qxe5 26. Qxc6 Bb5 27. Qg6+
Kf8 28. Qxh6+ Kf7 29. Qd2 a4 30. Re1 Qd4 31. Qh6 d2 32. Rd1 Qxb2 33. Qxd2 1-0

h6 d2 32. Rd1 Qxb2 33. Qxd2
1-0

[Event "Championnat de France"]
[Site "Besançon"]
[Date "2006.08.17"]
[Round "4"]
[White "Congiu, Mathilde"]
[Black "Benmesbah, Natacha"]
[Result "1-0"]
[WhiteElo "2115"]
[BlackElo "2125"]
[PlyCount "41"]
[EventDate "2006.??.??"]

1. e4 c5 2. c3 d5 3. exd5 Qxd5 4. d4 Nc6 5. Nf3 e6 6. Na3 cxd4 7. Nb5 Qd8 8.
Bf4 e5 9. Nxe5 Qe7 10. Qe2 d3 11. Nxd3 Kd8 12. O-O-O Qxe2 13. Bxe2 Be6 14. Nc5+
Ke7 15. Bd6+ Kf6 16. Nxe6 fxe6 17. Rhe1 a6 18. Nc7 Rc8 19. Nxe6 Bxd6 20. Rxd6
Ke7 21. Red1 1-0

[Event "Championnat de France"]
[Site "Besançon"]
[Date "2006.08.17"]
[Round "4"]
[White "Wohlers Armas, Friederike"]
[Black "Skripchenko, Almira"]
[Result "0-1"]
[WhiteElo "2122"]
[BlackElo "2421"]
[PlyCount "90"]
[EventDate "2006.??.??"]

1. d4 Nf6 2. c4 e6 3. Nc3 Bb4 4. a3 Bxc3+ 5. bxc3 b6 6. f3 d5 7. cxd5 exd5 8.
e3 O-O 9. Bd3 Ba6 10. Ne2 c5 11. Bxa6 Nxa6 12. O-O Nc7 13. Ng3 Ne6 14. Ra2 b5
15. Qe2 Qa5 16. Bd2 Qa4 17. Rb1 Rfb8 18. Nf5 Rb6 19. dxc5 Nxc5 20. Rb4 Qa6 21.
Nd4 Rab8 22. Be1 Na4 23. Qd3 g6 24. Bg3 Rc8 25. Ne2 Rc4 26. Be5 Qb7 27. Nf4 Nd7
28. Bd4 Ndc5 29. Qd2 Rd6 30. Be5 Rd7 31. Nd3 a6 32. Nxc5 Rxc5 33. Bd4 Rc8 34.
Qe1 Qc6 35. Qg3 f6 36. Qh4 Rf8 37. Qe1 Re8 38. Qh4 Re6 39. Qg4 Rde7 40. Rc2 Qe8
41. Qf4 Rc6 42. g4 Nc5 43. Bxc5 Rxc5 44. Qd4 Qc6 45. Kf2 Kg7 0-1

[Event "Championnat de France"]
[Site "Besançon"]
[Date "2006.08.17"]
[Round "4"]
[White "Choisy, Mathilde"]
[Black "Flear, Christine"]
[Result "1/2-1/2"]
[WhiteElo "2145"]
[BlackElo "2198"]
[PlyCount "34"]
[EventDate "2006.??.??"]

1. e4 c5 2. Nf3 e6 3. d4 cxd4 4. Nxd4 Bc5 5. Nb3 Bb6 6. Bd3 Ne7 7. O-O O-O 8.
Qe2 Nbc6 9. Be3 f5 10. Bxb6 Qxb6 11. N1d2 a5 12. Nc4 Qc7 13. e5 a4 14. Nbd2 b6
15. f4 Bb7 16. Nd6 Rab8 17. Nb5 Qd8 1/2-1/2

[Event "Championnat de France"]
[Site "Besançon"]
[Date "2006.08.17"]
[Round "4"]
[White "Roumegous, Marina"]
[Black "Muller, Anne"]
[Result "1-0"]
[WhiteElo "2203"]
[BlackElo "2181"]
[PlyCount "80"]
[EventDate "2006.??.??"]

1. d4 Nf6 2. Bg5 e6 3. e3 c5 4. c3 cxd4 5. exd4 Be7 6. Bd3 d6 7. Bxf6 Bxf6 8.
Nf3 Nc6 9. Nbd2 b6 10. Qe2 Be7 11. O-O-O Bb7 12. Kb1 Qc7 13. h4 h6 14. g4 O-O-O
15. g5 hxg5 16. hxg5 g6 17. Rde1 Kb8 18. Ba6 Rde8 19. Bb5 Ref8 20. Bd3 Qc8 21.
Qe3 Rxh1 22. Rxh1 Rh8 23. Rxh8 Qxh8 24. Qf4 Nd8 25. Kc2 Ka8 26. Be4 Qf8 27. Bd3
Nc6 28. Ne4 d5 29. Nf6 Bd6 30. Qh4 Qg7 31. Ne8 Qf8 32. Nxd6 Qxd6 33. Qh8+ Qb8
34. Qf6 Qc7 35. Qh8+ Qb8 36. Qg7 Qf4 37. Ne5 Qxf2+ 38. Kb3 a5 39. Qxf7 Qd2 40.
Qe8+ Ka7 1-0

[Event "Championnat de France"]
[Site "Besançon"]
[Date "2006.08.17"]
[Round "4"]
[White "Guichard, Pauline"]
[Black "Esposito, Marie Christine"]
[Result "1-0"]
[WhiteElo "2227"]
[BlackElo "2130"]
[PlyCount "75"]
[EventDate "2006.??.??"]

1. d4 Nf6 2. c4 d6 3. Nc3 Nbd7 4. Nf3 e5 5. e4 c6 6. Be2 Be7 7. O-O a6 8. Re1
O-O 9. a3 Re8 10. Bf1 Bf8 11. b4 b5 12. h3 Bb7 13. Bb2 g6 14. dxe5 dxe5 15. c5
a5 16. Qd2 Qc7 17. Rad1 Rad8 18. Qe3 Nh5 19. Ne2 Bc8 20. Qc3 f6 21. Nh2 Nb8 22.
g4 Ng7 23. g5 Rxd1 24. Rxd1 f5 25. Nf3 Nd7 26. Qb3+ Ne6 27. exf5 gxf5 28. Nh4
Kh8 29. Nxf5 Nxg5 30. h4 a4 31. Qe3 Nf7 32. Neg3 Nf6 33. Bg2 Bd7 34. Qd3 Be6
35. Nd6 Bxd6 36. cxd6 Qd7 37. Qf3 Nd5 38. Rxd5 1-0

[Event "Championnat de France"]
[Site "Besançon"]
[Date "2006.08.17"]
[Round "4"]
[White "Marcelin, Cyril"]
[Black "Prie, Eric"]
[Result "1/2-1/2"]
[WhiteElo "2481"]
[BlackElo "2507"]
[PlyCount "56"]
[EventDate "2006.??.??"]

1. d4 d5 2. c4 c6 3. Nc3 Nf6 4. Nf3 a6 5. e3 b5 6. c5 Bg4 7. h3 Bxf3 8. Qxf3 g6
9. Bd3 Bg7 10. Qg3 Nbd7 11. f4 e6 12. Bd2 h5 13. O-O h4 14. Qf3 Nh5 15. Ne2 a5
16. e4 f5 17. e5 Bf8 18. Kh2 Be7 19. g4 hxg3+ 20. Nxg3 Nxg3 21. Qxg3 Rh6 22.
Rf3 Bh4 23. Qg2 Nf8 24. Be1 Bxe1 25. Rxe1 Ra7 26. Rg1 Rah7 27. Bf1 Rh4 28. Qd2
Ra7 1/2-1/2

[Event "Championnat de France"]
[Site "Besançon"]
[Date "2006.08.17"]
[Round "4"]
[White "Relange, Eloi"]
[Black "Apicella, Manuel"]
[Result "1/2-1/2"]
[WhiteElo "2494"]
[BlackElo "2520"]
[PlyCount "31"]
[EventDate "2006.??.??"]

1. d4 Nf6 2. Nf3 g6 3. c4 Bg7 4. g3 O-O 5. Bg2 d6 6. O-O Nbd7 7. Nc3 e5 8. e3
Re8 9. a4 c6 10. b3 e4 11. Nd2 d5 12. cxd5 cxd5 13. f3 Bh6 14. Re1 exf3 15.
Qxf3 Nf8 16. Kh1 1/2-1/2

[Event "Championnat de France"]
[Site "Besançon"]
[Date "2006.08.17"]
[Round "4"]
[White "Miralles, Gilles"]
[Black "Gozzoli, Yannick"]
[Result "1-0"]
[WhiteElo "2504"]
[BlackElo "2470"]
[PlyCount "49"]
[EventDate "2006.??.??"]

1. e4 c5 2. d4 cxd4 3. c3 Nf6 4. e5 Nd5 5. Qxd4 e6 6. Nf3 Nc6 7. Qe4 d6 8. Bb5
Bd7 9. c4 Nc7 10. Bg5 f6 11. exf6 gxf6 12. Bh4 f5 13. Qe2 Be7 14. Ng5 h5 15.
Bxc6 bxc6 16. f4 e5 17. O-O e4 18. Nc3 Na6 19. Ncxe4 fxe4 20. Qxe4 Qb6+ 21. Bf2
Nc5 22. Qg6+ Kd8 23. Rae1 Bxg5 24. fxg5 Qb8 25. Bg3 1-0

[Event "Championnat de France"]
[Site "Besançon"]
[Date "2006.08.17"]
[Round "4"]
[White "Maze, Sebastien"]
[Black "Le Roux, Jean-Pierre"]
[Result "0-1"]
[WhiteElo "2526"]
[BlackElo "2496"]
[PlyCount "60"]
[EventDate "2006.??.??"]

1. e4 c5 2. Nf3 d6 3. d4 cxd4 4. Nxd4 Nf6 5. Nc3 a6 6. Bc4 e6 7. Bb3 Be7 8. f4
O-O 9. f5 e5 10. Nf3 Nbd7 11. Bg5 b5 12. Bxf6 Nxf6 13. Qd3 Bb7 14. O-O-O Rc8
15. Nd5 Bxd5 16. Bxd5 Rc5 17. Bb3 a5 18. Kb1 a4 19. Bd5 Qc7 20. g4 Nxd5 21.
exd5 Rc8 22. Nxe5 dxe5 23. d6 Bxd6 24. Qxd6 Rxc2 25. g5 Qxd6 26. Rxd6 Rf2 27.
f6 h6 28. gxh6 gxf6 29. Rg1+ Kh7 30. Rd3 Rxh2 0-1

[Event "Championnat de France"]
[Site "Besançon"]
[Date "2006.08.17"]
[Round "4"]
[White "Kosten, Anthony C"]
[Black "Marzolo, Cyril"]
[Result "1/2-1/2"]
[WhiteElo "2530"]
[BlackElo "2440"]
[PlyCount "65"]
[EventDate "2006.??.??"]

1. c4 e6 2. Nf3 Nf6 3. g3 d5 4. d4 dxc4 5. Bg2 Nc6 6. Qa4 Nd7 7. Qxc4 Nb6 8.
Qb5 Bd7 9. Qb3 Na5 10. Qc2 Rc8 11. Bd2 Nac4 12. Ne5 Nxd2 13. Nxd2 c5 14. Bxb7
Rc7 15. Bg2 Ba4 16. b3 Qxd4 17. O-O Qxe5 18. Nf3 Qf6 19. bxa4 Be7 20. a5 Nd7
21. Rfd1 Bd8 22. Nd2 O-O 23. Ne4 Qf5 24. Qa4 Nf6 25. Rab1 Nxe4 26. Bxe4 Qf6 27.
Qc4 g6 28. a6 Be7 29. Rb7 Rd8 30. Rxd8+ Bxd8 31. e3 Kg7 32. Kg2 Qe5 33. h4
1/2-1/2